Most spoken language by major agglomerations - Statistics

General Stats
  • This quiz has been taken 634 times
  • The average score is 582 of 642
Answer Stats
City Country Answer % Correct
Baghdad Iraq Arabic
100%
Riyadh Saudi Arabia Arabic
100%
Khartoum Sudan Arabic
100%
Alexandria Egypt Arabic
100%
Amman Jordan Arabic
100%
Kuwait City Kuwait Arabic
100%
Casablanca Morocco Arabic
100%
Algiers Algeria Arabic
100%
Damascus Syria Arabic
100%
Jeddah Saudi Arabia Arabic
100%
Sana'a Yemen Arabic
100%
Dammam China Arabic
100%
Tunis Tunisia Arabic
100%
Mecca Saudi Arabia Arabic
100%
Gaza Palestine Arabic
100%
Rabat Morocco Arabic
100%
Aleppo Syria Arabic
100%
Ndjamena Chad Arabic
100%
Beirut Lebanon Arabic
100%
Tripoli Libya Arabic
100%
Basra Iraq Arabic
100%
Oran Algeria Arabic
100%
Muscat Oman Arabic
100%
Manama Bahrain Arabic
100%
Mosul Iraq Arabic
100%
Medina Saudi Arabia Arabic
100%
Nouakchott Mauritania Arabic
100%
Tangier Morocco Arabic
100%
Fes Morocco Arabic
100%
Agadir Morocco Arabic
100%
Sousse Tunisia Arabic
100%
Marrakesh Morocco Arabic
100%
Irbid Jordan Arabic
100%
Hofuf Saudi Arabia Arabic
100%
Najaf Iran Arabic
100%
Khamis Mushait Saudi Arabia Arabic
100%
Cairo Egypt Arabic
100%
Boston USA English
100%
Patna India Hindi
100%
New York USA English
100%
Los Angeles USA English
100%
London UK English
100%
Chicago USA English
100%
Washington USA English
100%
Singapore Singapore English
100%
Toronto Canada English
100%
Dallas USA English
100%
Philadelphia USA English
100%
San Francisco USA English
100%
Houston USA English
100%
Miami USA English
100%
Atlanta USA English
100%
Manchester UK English
100%
Dubai UAE English
100%
Detroit USA English
100%
Melbourne Australia English
100%
Sydney Australia English
100%
Tampa USA English
100%
Phoenix USA English
100%
Seattle USA English
100%
Birmingham UK English
100%
Denver USA English
100%
Orlando USA English
100%
Brisbane Australia English
100%
Minneapolis USA English
100%
San Diego USA English
100%
Vancouver Canada English
100%
Abuja Nigeria English
100%
Cleveland USA English
100%
Cincinnati USA English
100%
Harare Zimbabwe English
100%
Doha Qatar English
100%
Charlotte USA English
100%
Salt Lake City USA English
100%
Portland USA English
100%
San Antonio USA English
100%
Las Vegas USA English
100%
Perth Australia English
100%
St. Louis USA English
100%
Austin USA English
100%
Port Harcourt Nigeria English
100%
Leeds UK English
100%
Jacksonville USA English
100%
Sacramento USA English
100%
Indianapolis USA English
100%
Kansas City USA English
100%
Pittsburgh USA English
100%
Monrovia Liberia English
100%
Abu Dhabi UAE English
100%
Columbus USA English
100%
Raleigh USA English
100%
Glasgow UK English
100%
Hartford USA English
100%
Nashville USA English
100%
Virginia Beach USA English
100%
Dublin Ireland English
100%
Auckland New Zealand English
100%
Calgary Canada English
100%
Milwaukee USA English
100%
Newcastle UK English
100%
Sheffield UK English
100%
Edmonton Canada English
100%
Adelaide Australia English
100%
Buffalo USA English
100%
Nottingham USA English
100%
Ottawa Canada English
100%
Harrisburg USA English
100%
Melbourne USA English
100%
Stockton USA English
100%
Cape Coral USA English
100%
Oklahoma City USA English
100%
Greensboro USA English
100%
Southampton UK English
100%
Memphis USA English
100%
Richmond USA English
100%
Greenville USA English
100%
Tucson USA English
100%
Louisville USA English
100%
Fresno USA English
100%
Delhi India Hindi
100%
Jaipur India Hindi
100%
Lucknow India Hindi
100%
Indore India Hindi
100%
Kanpur India Hindi
100%
Bhilai India Hindi
100%
Bhopal India Hindi
100%
Chandīgarh India Hindi
100%
Agra India Hindi
100%
Benares India Hindi
100%
Meerut India Hindi
100%
Jamshedpur India Hindi
100%
Ranchi India Hindi
100%
Kotā India Hindi
100%
Jabalpur India Hindi
100%
Gwalior India Hindi
100%
Prayagraj India Hindi
100%
Bareilly India Hindi
100%
Dhanbad India Hindi
100%
Morādābād India Hindi
100%
Alīgarh India Hindi
100%
Sahāranpur India Hindi
100%
Dehra Dūn India Hindi
100%
Tokyo Japan Japanese
100%
Osaka Japan Japanese
100%
Nagoya Japan Japanese
100%
Fukuoka Japan Japanese
100%
Sapporo Japan Japanese
100%
Okayama Japan Japanese
100%
Kitakyushu Japan Japanese
100%
Hiroshima Japan Japanese
100%
Sendai Japan Japanese
100%
Hamamatsu Japan Japanese
100%
Naha Japan Japanese
100%
Kumamoto Japan Japanese
100%
Shizuoka Japan Japanese
100%
Seoul South Korea Korean
100%
Busan South Korea Korean
100%
Pyongyang North Korea Korean
100%
Daegu South Korea Korean
100%
Gwangju South Korea Korean
100%
Daejeon South Korea Korean
100%
Cheongju South Korea Korean
100%
Ulsan South Korea Korean
100%
Changwon South Korea Korean
100%
Sao Paulo Brazil Portuguese
100%
Rio de Janeiro Brazil Portuguese
100%
Luanda Angola Portuguese
100%
Belo Horizonte Brazil Portuguese
100%
Recife Brazil Portuguese
100%
Porto Alegre Brazil Portuguese
100%
Brasilia Brazil Portuguese
100%
Fortaleza Brazil Portuguese
100%
Curitiba Brazil Portuguese
100%
Campinas Brazil Portuguese
100%
Maputo Mozambique Portuguese
100%
Goiania Brazil Portuguese
100%
Lisbon Portugal Portuguese
100%
Mananaus Brazil Portuguese
100%
Belém Brazil Portuguese
100%
Vitória Brazil Portuguese
100%
Santos Brazil Portuguese
100%
Porto Portugal Portuguese
100%
São Luís Brazil Portuguese
100%
Benguela Angola Portuguese
100%
Natal Brazil Portuguese
100%
Florianópolis Brazil Portuguese
100%
Maceió Brazil Portuguese
100%
João Pessoa Brazil Portuguese
100%
São José dos Campos Brazil Portuguese
100%
Londrina Brazil Portuguese
100%
Teresina Brazil Portuguese
100%
Moscow Russia Russian
100%
Saint Petersburg Moscow Russian
100%
Almaty Kazakhstan Russian
100%
Minsk Belarus Russian
100%
Novosibirsk Russia Russian
100%
Yekaterinburg Russia Russian
100%
Nizhny Novgorod Russia Russian
100%
Astana Kazakhstan Russian
100%
Kharkiv Ukraine Russian
100%
Kazan Russia Russian
100%
Bishkek Kyrgyzstan Russian
100%
Chelyabinsk Russia Russian
100%
Donetsk Ukraine Russian
100%
Rostov-on-Don Russia Russian
100%
Krasnodar Russia Russian
100%
Samara Russia Russian
100%
Dnipro Ukraine Russian
100%
Krasnoyarsk Russia Russian
100%
Ufa Russia Russian
100%
Saratov Russia Russian
100%
Omsk Russia Russian
100%
Voronezh Russia Russian
100%
Odessa Ukraine Russian
100%
Volgograd Russia Russian
100%
Perm Russia Russian
100%
Mexico City Mexico Spanish
100%
Buenos Aires Argentina Spanish
100%
Lima Peru Spanish
100%
Bogota Colombia Spanish
100%
Santiago Chile Spanish
100%
Madrid Spain Spanish
100%
Monterrey Mexico Spanish
100%
Guadalajara Mexico Spanish
100%
Barcelona Spain Spanish
100%
Medellin Colombia Spanish
100%
Puebla Mexico Spanish
100%
Santo Domingo Dominican Republic Spanish
100%
Caracas Venezuela Spanish
100%
Salvador Brazil Spanish
100%
Guatemala City Guatemala Spanish
100%
Guayaquil Ecuador Spanish
100%
Cali Colombia Spanish
100%
Quito Ecuador Spanish
100%
Maracaibo Venezuela Spanish
100%
Toluca Mexico Spanish
100%
San José Costa Rica Spanish
100%
Barranquilla Colombia Spanish
100%
Asuncion Paraguay Spanish
100%
Leòn Mexico Spanish
100%
Tijuana Mexico Spanish
100%
Havana Cuba Spanish
100%
Valencia Venezuela Spanish
100%
Santa Cruz Bolivia Spanish
100%
Valencia Spain Spanish
100%
San Juan USA Spanish
100%
La Paz Bolivia Spanish
100%
Córdoba Argentina Spanish
100%
Montevideo Uruguay Spanish
100%
Querétaro Mexico Spanish
100%
Ciudad Juárez Mexico Spanish
100%
San Salvador El Salvador Spanish
100%
Rosario Argentina Spanish
100%
Maracay Venezuela Spanish
100%
Torreón Mexico Spanish
100%
Panama City Panama Spanish
100%
San Luis Potosí Mexico Spanish
100%
Managua Nicaragua Spanish
100%
Mérida Mexico Spanish
100%
Bucaramanga Colombia Spanish
100%
Barquisimeto Venezuela Spanish
100%
San Pedro Sula Honduras Spanish
100%
Sevilla Spain Spanish
100%
Cochabamba Bolivia Spanish
100%
McAllen USA Spanish
100%
Aguascalientes Mexico Spanish
100%
Cartagena Colombia Spanish
100%
Cuernavaca Mexico Spanish
100%
Tegucigalpa Honduras Spanish
100%
Arequipa Peru Spanish
100%
Mendoza Argentina Spanish
100%
Saltillo Mexico Spanish
100%
Cúcuta Colombia Spanish
100%
San Miguel de Tucumán Argentina Spanish
100%
Cancún Mexico Spanish
100%
Málaga Spain Spanish
100%
Chihuahua Mexico Spanish
100%
Morelia Mexico Spanish
100%
Valparaíso Chile Spanish
100%
El Paso USA Spanish
100%
Culiacán Mexico Spanish
100%
Paris France French
99%
Montreal Canada French
99%
Bruxelles Belgium French
99%
Lomé Togo French
99%
Brazzaville Congo French
99%
Cotonou Benin French
99%
Lyon France French
99%
Marseille France French
99%
Lille France French
99%
Bordeaux France French
99%
Toulouse France French
99%
Rhein-Ruhr Germany German
99%
Berlin Germany German
99%
Frankfurt am Main Germany German
99%
Hamburg Germany German
99%
Vienna Austria German
99%
Munich Germany German
99%
Stuttgart Germany German
99%
Mannheim Germany German
99%
Zurich Switzerland German
99%
Nuremberg Germany German
99%
Hanover Germany German
99%
Bielefeld Germany German
99%
Leipzig Germany German
99%
Aachen Germany German
99%
Guangzhou China Mandarin
99%
Shanghai China Mandarin
99%
Beijing China Mandarin
99%
Chengdu China Mandarin
99%
Xiamen China Mandarin
99%
Hangzhou China Mandarin
99%
Xi'an China Mandarin
99%
Chongqing China Mandarin
99%
Wuhan China Mandarin
99%
Tianjin China Mandarin
99%
Changsha China Mandarin
99%
Zhèngzhōu China Mandarin
99%
Taipei Taiwan Mandarin
99%
Nanjing China Mandarin
99%
Shenyang China Mandarin
99%
Hefei China Mandarin
99%
Shantou China Mandarin
99%
Tsingtao China Mandarin
99%
Ningbo China Mandarin
99%
Wenzhou China Mandarin
99%
Kunming China Mandarin
99%
Jinan China Mandarin
99%
Shijiazhuang China Mandarin
99%
Taiyuan China Mandarin
99%
Harbin China Mandarin
99%
Nanning China Mandarin
99%
Dairen China Mandarin
99%
Guiyang China Mandarin
99%
Changchun China Mandarin
99%
Nanchang China Mandarin
99%
Urumqi China Mandarin
99%
Fuzhou China Mandarin
99%
Linyi China Mandarin
99%
Zibo China Mandarin
99%
Luoyang China Mandarin
99%
Lanzhou China Mandarin
99%
Nantong China Mandarin
99%
Weifang China Mandarin
99%
Jiangyin China Mandarin
99%
Xuzhou China Mandarin
99%
Handan China Mandarin
99%
Hohhot China Mandarin
99%
Taichung Taiwan Mandarin
99%
Haikou China Mandarin
99%
Kaohsiung Taiwan Mandarin
99%
Tangshan China Mandarin
99%
Xinxiang China Mandarin
99%
Yiwu China Mandarin
99%
Zhuhai China Mandarin
99%
Taichung China Mandarin
99%
Yantai China Mandarin
99%
Yinchuan China Mandarin
99%
Liuzhou China Mandarin
99%
Anshan China Mandarin
99%
Yangzhou China Mandarin
99%
Jiaxing China Mandarin
99%
Xining China Mandarin
99%
Baoding China Mandarin
99%
Baotou China Mandarin
99%
Ganzhou China Mandarin
99%
Pingdingshan China Mandarin
99%
Zunyi China Mandarin
99%
Bengbu China Mandarin
99%
Datong China Mandarin
99%
Anyang China Mandarin
99%
Huai'an China Mandarin
99%
Zaozhuang China Mandarin
99%
Zhanjiang China Mandarin
99%
Huainan China Mandarin
99%
Jining China Mandarin
99%
Daqing China Mandarin
99%
Wuhu China Mandarin
99%
Guilin China Mandarin
99%
Mianyang China Mandarin
99%
Xiangyang China Mandarin
99%
Huzhou China Mandarin
99%
Puyang China Mandarin
99%
Shangqiu China Mandarin
99%
Qinhuangdao China Mandarin
99%
Xingtai China Mandarin
99%
Nanyang China Mandarin
99%
Jiaozuo China Mandarin
99%
Jilin China Mandarin
99%
Jinhua China Mandarin
99%
Shangrao China Mandarin
99%
Heze China Mandarin
99%
Yulin China Mandarin
99%
Tai'an China Mandarin
99%
Weihai China Mandarin
99%
Taizhou China Mandarin
99%
Yancheng China Mandarin
99%
Zhangjiakou China Mandarin
99%
Maoming China Mandarin
99%
Nanchong China Mandarin
99%
Fuyang China Mandarin
99%
Xuchang China Mandarin
99%
Yichang China Mandarin
99%
Dazhou China Mandarin
99%
Tainan Taiwan Mandarin
99%
Kaifeng China Mandarin
99%
Luzhou China Mandarin
99%
Qingyuan China Mandarin
99%
Huaibei China Mandarin
99%
Yibin China Mandarin
99%
Lu'an China Mandarin
99%
Dézhōu China Mandarin
99%
Rizhao China Mandarin
99%
Changzhi China Mandarin
99%
Hengyang China Mandarin
99%
Jinzhou China Mandarin
99%
Liaocheng China Mandarin
99%
Changde China Mandarin
99%
Suqian China Mandarin
99%
Xinyang China Mandarin
99%
Baoji China Mandarin
99%
Yuèyáng China Mandarin
99%
Zhenjiang China Mandarin
99%
Wanzhou China Mandarin
99%
Ulanhad China Mandarin
99%
Ezhou China Mandarin
99%
Zhaoqing China Mandarin
99%
Lianyungang China Mandarin
99%
Qŭjìng China Mandarin
99%
Shùyáng China Mandarin
99%
Yŏngkāng China Mandarin
99%
Zhōukŏu China Mandarin
99%
Beihai China Mandarin
99%
Jiŭjiāng China Mandarin
99%
Lángfāng China Mandarin
99%
Chúzhōu China Mandarin
99%
Héngshuĭ China Mandarin
99%
Shiyan China Mandarin
99%
Huludao China Mandarin
99%
Dongying China Mandarin
99%
Guìgăng China Mandarin
99%
Liuyang China Mandarin
99%
Cāngzhōu China Mandarin
99%
Liupanshui China Mandarin
99%
Panjin China Mandarin
99%
Qiqihar China Mandarin
99%
Línfén China Mandarin
99%
Suzhou China Mandarin
99%
Tengzhou China Mandarin
99%
Istanbul Turkey Turkish
99%
Ankara Turkey Turkish
99%
Izmir Turkey Turkish
99%
Bursa Turkey Turkish
99%
Adana Turkey Turkish
99%
Gaziantep Turkey Turkish
99%
Antalya Turkey Turkish
99%
Konya Turkey Turkish
99%
Kayseri Turkey Turkish
99%
Mersin Turkey Turkish
99%
Bangkok Thailand Thai
98%
Chonburi Thailand Thai
98%
Mashhad Iran Persian
97%
Milan Italy Italian
97%
Naples Italy Italian
97%
Rome Italy Italian
97%
Turin Italy Italian
97%
Tehran Iran Persian
97%
Kabul Afghanistan Persian
97%
Isfahan Iran Persian
97%
Shiraz Iran Persian
97%
Ahvaz Iran Persian
97%
Qom Iran Persian
97%
Kermānshāh Iran Persian
97%
Saigon Vietnam Vietnamese
97%
Hanoi Vietnam Vietnamese
97%
Da Nang Vietnam Vietnamese
97%
Haiphong Vietnam Vietnamese
97%
Kuala Lumpur Malaysia Malay
96%
George Town Malaysia Malay
96%
Dhaka Bangladesh Bengali
95%
Kolkata India Bengali
95%
Chittagong Bangladesh Bengali
95%
Asansol India Bengali
95%
Shiliguri India Bengali
95%
Khulna Bangladesh Bengali
95%
Rotterdam Netherlands Dutch
95%
Amsterdam Netherlands Dutch
95%
Antwerp Belgium Dutch
95%
Manila Philippines Tagalog
95%
Jakarta Indonesia Indonesian
93%
Medan Indonesia Indonesian
93%
Semarang Indonesia Indonesian
93%
Makassar Indonesia Indonesian
93%
Palembang Indonesia Indonesian
93%
Yogyakarta Indonesia Indonesian
93%
Malang Indonesia Indonesian
93%
Surakarta Indonesia Indonesian
93%
Bandar Lampung Indonesia Indonesian
93%
Batam Indonesia Indonesian
93%
Karawang Indonesia Indonesian
93%
Denpasar Indonesia Indonesian
93%
Pekanbaru Indonesia Indonesian
93%
Tel Aviv-Jaffa Israel Hebrew
91%
Jerusalem Israel Hebrew
91%
Warsaw Poland Polish
91%
Katowice Poland Polish
91%
Hong Kong China Cantonese
90%
Copenhagen Denmark Danish
90%
Kyiv Ukraine Ukrainian
90%
Cape Town South Africa Afrikaans
89%
Port Elizabeth South Africa Afrikaans
89%
Helsinki Finland Finnish
89%
Stockholm Sweden Swedish
89%
Athens Greece Greek
88%
Budapest Hungary Hungarian
88%
Oslo Norway Norwegian
88%
Bucharest Romania Romanian
88%
Karachi Pakistan Urdu
88%
Yerevan Armenia Armenian
87%
Prague Czech Republic Czech
86%
Tbilisi Georgia Georgian
86%
Kathmandu Nepal Nepali
86%
Belgrade Serbia Serbian
86%
Nairobi Kenya Swahili
86%
Dar Es Salaam Tanzania Swahili
86%
Lubumbashi DRC Swahili
86%
Mombasa Kenya Swahili
86%
Mwanza Tanzania Swahili
86%
Arusha Tanzania Swahili
86%
Bukavu DRC Swahili
86%
Zanzibar Tanzania Swahili
86%
Goma DRC Swahili
86%
Tashkent Uzbekistan Uzbek
86%
Sofia Bulgaria Bulgarian
85%
Rangoon Myanmar Burmese
84%
Mandalay Myanmar Burmese
84%
Shymkent Kazakhstan Kazakh
84%
Ulaan Baatar Mongolia Mongolian
84%
Dushanbe Tajikistan Tajik
84%
Mogadishu Somalia Somali
82%
Ashgabat Turkmenistan Turkmen
82%
Phnom Penh Cambodia Khmer
81%
Chennai India Tamil
81%
Coimbatore India Tamil
81%
Madurai India Tamil
81%
Tirupur India Tamil
81%
Tiruchirappalli India Tamil
81%
Salem India Tamil
81%
Puducherry India Tamil
81%
Johannesburg South Africa Zulu
80%
Durban South Africa Zulu
80%
Erbil Iraq Kurdish
78%
Kirkuk Iraq Kurdish
78%
Diyarbakır Turkey Kurdish
78%
Baku Azerbaijan Azeri
76%
Tabriz Iran Azeri
76%
Port-au-Prince Haiti Haitian Creole
75%
Lahore Pakistan Punjabi
73%
Rawalpindi Pakistan Punjabi
73%
Faisalabad Pakistan Punjabi
73%
Gujranwala Pakistan Punjabi
73%
Rajkot India Punjabi
73%
Ludhiana India Punjabi
73%
Amritsar India Punjabi
73%
Jullundur India Punjabi
73%
Sargodha Pakistan Punjabi
73%
Siālkot Pakistan Punjabi
73%
Aba Nigeria Igbo
72%
Onitsha Nigeria Igbo
72%
Enugu Nigeria Igbo
72%
Adis Abeba Ethiopia Amharic
68%
Ahmedabad India Gujarati
65%
Surat India Gujarati
65%
Vadodara India Gujarati
65%
Surabaya Indonesia Javanese
64%
Serang Indonesia Javanese
64%
Peshawar Pakistan Pashto
63%
Quetta Pakistan Pashto
63%
Tananarive Madagascar Malagasy
62%
Lagos Nigeria Yoruba
62%
Ibadan Nigeria Yoruba
62%
Ilorin Nigeria Yoruba
62%
Mumbai India Marathi
61%
Pune India Marathi
61%
Nagpur India Marathi
61%
Nasik India Marathi
61%
Aurangabad India Marathi
61%
Sholapur India Marathi
61%
Kigali Rwanda Kinyarwanda
54%
Colombo Sri Lanka Sinhala
54%
Hyderabad India Telugu
54%
Vishakhapatnam India Telugu
54%
Vijayawada India Telugu
54%
Warangal India Telugu
54%
Kalo Nigeria Hausa
50%
Kaduna Nigeria Hausa
50%
Niamey Niger Hausa
50%
Sokoto Nigeria Hausa
50%
Jos Nigeria Hausa
50%
Zaria Nigeria Hausa
50%
Touba Senegal Wolof
50%
Bangalore India Kannada
43%
Mysore India Kannada
43%
Hubli-Dharwar India Kannada
43%
Āsmera Eritrea Tigrinya
42%
Cochin India Malayalam
40%
Calicut India Malayalam
40%
Cebu Philippines Cebuano
38%
Davao Philippines Cebuano
38%
Dakar Senegal Wolof
36%
Banjul Gambia Wolof
36%
Accra Ghana Ga
35%
Bandung Indonesia Sundanese
35%
Srinagar India Kashmiri
33%
Hyderabad Pakistan Sindhi
33%
Kinshasa DRC Lingala
28%
Kisangani DRC Lingala
28%
Bamako Mali Bambara
27%
Bhubaneswar India Odia
27%
Gauhati India Assamese
26%
Lusaka Zambia Bemba
23%
Bangui Central African Republic Sango
21%
Conakry Guinea Susu
20%
Kumasi Ghana Akan
19%
Lilongwe Malawi Chewa
18%
Shaoyang China Xiang
16%
Kampala Uganda Luganda
15%
Yaoundé Cameroon Ewondo
13%
Ouagadougou Burkina Faso Moorè
13%
Abidjan Ivory Coast Dyula
12%
Bobo-Dioulasso Burkina Faso Dyula
12%
Freetown Sierra Leone Krio
11%
Multan Pakistan Saraiki
9%
Benin City Nigeria Edo
8%
Maiduguri Nigeria Kanuri
7%
Jodhpur India Marwari
7%
Mbuji-Mayi DRC Tshiluba
7%
Kananga DRC Tshiluba
7%
Cirebon Indonesia Cirebonese
6%
Pointe-Noire Congo Kituba
6%
Douala Cameroon Duala
5%
Angeles Philippines Kapampangan
5%
No matching quizzes found
Score Distribution
Percent of People with Each Score
Percentile by Number Answered
Your Score History
You have not taken this quiz